1408 1048 1997 1964 1182 1316 1611 1015 1537 1314 1649 1657 1060 1452 1614 1126 1275 1663 1370 1216 1781 1840 1045 1189 1905 1294 1692 1135 1408 1200 1617 1044 1501 1163 1334 1425 1912 1505 1120 1539 1198 1578 1784 1642 1302 1214 1169 1811 1967 1542 1353 1414 1231 1221 1614 1376 1593 1703 1669 1570 1187 1890 1043 1027 1675 1309 1537 1293 1644 1119 1274 1070 1450 1245 1117 1088 1600 1663 1679 1653 1260 1382 1686 1565 1189 1587 1180 1332 1430 1748 1393 1853 1815 1636 1205 1848 1250 1263 1906 BCNSPRNW ULIB Ver.6.0+V

เปลี่ยนเป็นภาษาไทย

Change to English
 แสดงรายละเอียดบรรณานุกรม
  กลับหน้าหลัก

Brief Record : Get Marc (ISO 2709) : E-mail record : QR code < ปิดหน้าต่าง
LEADER : 00000nam 2200000uu 4500
001    13399127279
003     ULIB
008    200317s2561||||th 000 0 tha d
020    ^a9786164431966
060    ^aWY106^bก37ก
100    ^aกีรดา ไกรนุวัตร
245    ^aการพยาบาลชุมชน (ฉบับปรับปรุงคร้ังที่ 1)/กีรดา ไกรนุวัตร
250    ^aพิมพ์ครั้งที่ 1
260    ^aกรุงเทพฯ :^bมหาวิทยาลัยมหิดล,^c2561
300    ^a288 หน้า
650    ^aการพยาบาลอนามัยชุมชน
945    ^p300^l0^i28017
945    ^p300^l0^i28018
945    ^p300^l0^i28019
945    ^p300^l0^i28020
945    ^p300^l0^i28021
999    ^aกัณชพร จุลอักษร
รายการนี้ยังไม่มีแท็ก
คุณยังไม่ได้ล็อกอิน คุณสามารถมีกิจกรรมร่วมกับเว็บไซต์ได้ แต่ต้องล็อกอินก่อน ::
  ล็อกอิน

รายการสื่อสารสนเทศ

ลำดับที่ ประเภท เลขเรียก/บาร์โค้ด สถานที่ สถานะ
1. หนังสือสำรอง
หนังสือสำรอง
WY106 ก37ก ฉ.1 
  Barcode: 28017
ห้องสมุดวิทยาเขตนครสวรรค์
►หนังสือทั่วไป:l:General Books
บนชั้น
2. วิทยาศาสตร์การแพทย์ และสุขภาพ
วิทยาศาสตร์การแพทย์ และสุขภาพ
WY106 ก37ก ฉ.2 
  Barcode: 28018
ห้องสมุดวิทยาเขตนครสวรรค์
►หนังสือทั่วไป:l:General Books
บนชั้น
3. วิทยาศาสตร์การแพทย์ และสุขภาพ
วิทยาศาสตร์การแพทย์ และสุขภาพ
WY106 ก37ก ฉ.3 
  Barcode: 28019
ห้องสมุดวิทยาเขตนครสวรรค์
►หนังสือทั่วไป:l:General Books
บนชั้น
4. วิทยาศาสตร์การแพทย์ และสุขภาพ
วิทยาศาสตร์การแพทย์ และสุขภาพ
WY106 ก37ก ฉ.4 
  Barcode: 28020
ห้องสมุดวิทยาเขตนครสวรรค์
►หนังสือทั่วไป:l:General Books
บนชั้น
5. วิทยาศาสตร์การแพทย์ และสุขภาพ
วิทยาศาสตร์การแพทย์ และสุขภาพ
WY106 ก37ก ฉ.5 
  Barcode: 28021
ห้องสมุดวิทยาเขตนครสวรรค์
►หนังสือทั่วไป:l:General Books
บนชั้น

รายการใกล้เคียง
    ชื่อเรื่อง [การพยาบาลชุมชน (ฉบับปรับปรุงคร้ังที่ 1)/กีรดา ไกรนุวัตร]

    ผู้แต่ง [กีรดา ไกรนุวัตร]

    หัวเรื่อง [การพยาบาลอนามัยชุมชน]

BibComment


ยังไม่เคยถูกคอมเมนท์

คอมเมนท์ทรัพยากรรายการนี้
  คอมเมนท์: การพยาบาลชุมชน ฉ..


 Copyright 2026. Bcnsprnw @Library